| 000 | 00881nam a22002055i 4500 | ||
|---|---|---|---|
| 001 | 165441 | ||
| 003 | ES-MaACL | ||
| 005 | 20250723100703.0 | ||
| 008 | 020917s1893 sp a |||| | spa d | ||
| 040 |
_aCCPB | B _bspa _cCCPB | B |
||
| 100 | 1 |
_aSlocker de la Pola, Miguel. _9132781 |
|
| 245 | 1 | 0 |
_aEstudio crítico-gráfico de topografía cráneo-cerebral con aplicación a la cirugía _b: tesis de doctorado / _cpor Miguel Slocker de la Pola ; Facultad de Medicina de Madrid. |
| 260 |
_aMadrid : _b[s.n.], _c1893 ( _festablecimiento tipográfico de Felipe Pinto y Orovio) |
||
| 300 |
_a67 p. : _bil. ; _c24 cm. |
||
| 710 | 2 | 0 |
_aUniversidad de Madrid. _bFacultad de Medicina _97215 |
| 752 |
_aEspaña - _dMadrid |
||
| 852 |
_aES-MaACL _jT-1210-F-9 _z-- Enc. hol. conservando la cub. original _z-- Enc. en un vol. facticio |
||
| 942 | _2udc | ||
| 999 |
_c165441 _d165441 |
||